=LDR 00000nam 2200000 4500 =001 INLIS000000000029116 =005 20200813104339 =035 ##$$a 0010-061300000029116 =008 200813################g##########0#ind## =041 ##$$a Ind =082 ##$$a 2x9.1 =090 ##$$a 2x9.1, Alh j =100 1#$$a Alhasyim, M. Firdaus =245 1#$$a Jejak langkah nabi Muhammad SAW dalam berdakwah, /$c M. Firdaus Al-Hasyim =260 ##$$a Gresik :$b Putra Pelajar,$c 2000 =300 ##$$a xiii, 223 hlm, ; $c 14 x 21 cm =650 #4$$a Nabi Muhammad-Riwayat =850 ##$$a NBPNMAT =084 ##$$a 2x9.1 ALH j =250 ##$$a cet.1 =990 ##$$a 20800262 =990 ##$$a 20800261 =990 ##$$a 20800260 =990 ##$$a 20800263